Géométrie différentielle

Saved in:
Bibliografiske detaljer
Hovedforfatter: Lelong-Ferrand, Jacqueline (Author)
Format: Bog
Sprog:fransk
Udgivet: París Masson 1963
Fag:
Tags: Tilføj Tag
Ingen Tags, Vær først til at tagge denne postø!

MARC

LEADER 00000nam a2200000 a 4500
001 UCQ9146
003 CL-VaPUC
008 981230e19630000FR |||||||||||||||||fre|d
082 0 4 |a 516.36  |b LEL  |2 21 
100 |a Lelong-Ferrand, Jacqueline  |e author  |9 430677 
245 1 0 |a Géométrie différentielle 
300 |a 256 p 
942 |c BK 
945 |d 19981230 00:00:00  |a crobeson 
260 |a París  |b Masson  |c 1963 
650 0 |a Geometría diferencial   |9 315147 
650 7 |a GEOMETRIA EUCLIDEA  |2 CL-VaPUC  |9 359752 
650 7 |a GEOMETRIA NO EUCLIDEA  |2 CL-VaPUC  |9 423569 
650 7 |a CALCULO DIFERENIAL  |2 CL-VaPUC  |9 423570 
583 |a last modification  |c 19981230 00:00:00  |k Rodrigo Vera 
999 |c 278239  |d 278237 
952 |0 0  |1 0  |4 0  |6 516_360000000000000_LEL_1963  |7 0  |8 A  |9 316690  |a BIBMAT  |b BIBMAT  |d 2019-11-20  |i 1312480  |o 516.36 LEL 1963  |p 1312480  |r 2025-01-07  |w 2019-11-20  |y BK  |k MAT